Sindicalismo: un año sin grandes conflictos /
Se apunta que 1988 fue un año sin grandes conflictos laborales. Así, aunque se produjeron algunos paros en instituciones públicas, el gobierno mantuvo su política de diálogo, dejando de lado la coerción abierta. La única excepción fue el paro en las aduanas, producto del cual el Ministerio de Hacien...
Guardado en:
| Hovedforfatter: | |
|---|---|
| Format: | Texto |
| Fag: | |
| Tags: |
Tilføj Tag
Ingen Tags, Vær først til at tagge denne postø!
|
MARC
| LEADER | 00000 a a2200000 04500 | ||
|---|---|---|---|
| 001 | 3971 | ||
| 003 | |||
| 040 | |||
| 100 | |a Castro Valverde, Carlos | ||
| 245 | |a Sindicalismo: |b un año sin grandes conflictos / |c Carlos Castro Valverde | ||
| 520 | |a Se apunta que 1988 fue un año sin grandes conflictos laborales. Así, aunque se produjeron algunos paros en instituciones públicas, el gobierno mantuvo su política de diálogo, dejando de lado la coerción abierta. La única excepción fue el paro en las aduanas, producto del cual el Ministerio de Hacienda despidió a diez trabajadores y sancionó a otros cincuenta. SM/EB | ||
| 650 | |a SINDICALISMO | ||
| 650 | |a CONFLICTOS LABORALES | ||
| 650 | |a SECTOR PUBLICO | ||
| 773 | |g número 28; páginas 22-25 | ||
| 999 | |c 32394 |d 32394 | ||
